000 00330nam a2200133 4500
005 20260530115313.0
100 1 _aNancy Williams
_933199
245 1 0 _amore paperwok
264 1 _bPhaidon Press London
_c2005
300 _a176 páginas
336 _atexto
_2rdacontent
337 _asin medio
_2rdamedia
338 _avolumen
_2rdacarrier
999 _c13472
_d13472